000 00836nam a22002657a 4500
001 BR7406710
003 BR-BrBNA
005 20230928084655.0
007 ta
008 230509b bl.||||| |||| 00| 0 por d
040 _aBR-BrBNA
_bpor
_cBiblioteca Nacional de Agricultura
041 _a(Por)
072 _aF00
_b0120
_b/G514
090 _ 0120 BR7406710
110 1 _aSecretaria da Agricultura e Abastecimento, Florianopolis, SC (Brasil)
_98290
245 1 _aProjeto: milho [Santa Catarina, Brasil]
260 3 _aFlorianopolis, SC (Brasil):
_c1974.
300 _a6 p.
500 _a(*) Documento disponível no(a) Empresa Catarinense de Pesquisa Agropecuaria, Florianopolis, SC (Brazil)
650 _aMILHO
650 _aPROJETO AGRICOLA
650 _aSANTA CATARINA
909 _a202309
_bLucia
_c55
_dLucia Elande
942 _cBK
999 _c20411
_d20411